[Event "Benidorm 2011 - 10. Torneo sub-2300"]
[Site "Benidorm ESP"]
[Date "2011.12.02"]
[Round "1.15"]
[White "Madina Yadarola, Martin"]
[Black "Silva Rodriguez, Fernando"]
[Result "1-0"]
[WhiteElo "2273"]
[BlackElo "2095"]
[PlyCount "65"]
[EventDate "2011.12.02"]
[EventType "swiss"]
[EventRounds "10"]
[EventCountry "ESP"]
[Source "lmi"]
[SourceDate "2011.12.02"]

1. b3 e5 2. Bb2 Nc6 3. e3 d5 4. Bb5 Bd6 5. f4 Qe7 6. Nf3 Bg4 7. h3 Bxf3 8. Qxf3
Nf6 9. c4 e4 10. Qg3 O-O 11. Nc3 g6 12. Bxc6 bxc6 13. Qg5 Rad8 14. Nb5 Nd7 15.
Qxe7 Bxe7 16. Nxa7 Nb8 17. Rc1 Bc5 18. Bd4 Bxd4 19. exd4 dxc4 20. Rxc4 Rd6 21.
Ke2 Rfd8 22. Rhc1 c5 23. Nb5 Rb6 24. Nc3 cxd4 25. Nxe4 Re6 26. Kf3 Rde8 27. Ng5
Re2 28. Rxd4 R2e7 29. Re4 f5 30. Rxe7 Rxe7 31. Kf2 Na6 32. Rc4 Rd7 33. d4 1-0

[Event "Benidorm 2011 - 10. Torneo sub-2300"]
[Site "Benidorm ESP"]
[Date "2011.12.04"]
[Round "3.1"]
[White "Sanchez Botella, Luis Javier"]
[Black "Sanchez Aller, Fernando"]
[Result "0-1"]
[WhiteElo "2221"]
[BlackElo "2300"]
[PlyCount "91"]
[EventDate "2011.12.02"]
[EventType "swiss"]
[EventRounds "10"]
[EventCountry "ESP"]
[Source "lmi"]
[SourceDate "2011.12.02"]

1. Nf3 Nf6 2. c4 e6 3. Nc3 Bb4 4. Qc2 O-O 5. a3 Bxc3 6. Qxc3 b6 7. e3 Bb7 8.
Be2 d6 9. b4 Nbd7 10. Bb2 e5 11. O-O Ne4 12. Qc2 f5 13. d4 Ng5 14. d5 f4 15. e4
Nxf3+ 16. Bxf3 Nf6 17. Be2 g5 18. f3 h5 19. c5 Rf7 20. a4 a6 21. Ra3 g4 22. Bc3
g3 23. hxg3 fxg3 24. Be1 h4 25. f4 Qe7 26. c6 Bc8 27. f5 Rh7 28. Bd2 Qg7 29.
Qd3 Kf7 30. Qe3 Rh8 31. Re1 Qh7 32. Bd1 h3 33. Qxg3 hxg2 34. Qg6+ Qxg6 35.
fxg6+ Kxg6 36. Rg3+ Kf7 37. Kxg2 Rg8 38. Rxg8 Kxg8 39. Kg3 Kf7 40. Kh4 Bg4 41.
Bxg4 Rh8+ 42. Kg5 Rg8+ 43. Kf5 Rxg4 44. Bg5 Rg2 45. Rf1 Nh5 46. Rf3 0-1

[Event "Benidorm 2011 - 10. Torneo sub-2300"]
[Site "Benidorm ESP"]
[Date "2011.12.05"]
[Round "4.1"]
[White "Sanchez Aller, Fernando"]
[Black "Martin Alvarez, Inigo"]
[Result "1-0"]
[WhiteElo "2300"]
[BlackElo "2262"]
[PlyCount "63"]
[EventDate "2011.12.02"]
[EventType "swiss"]
[EventRounds "10"]
[EventCountry "ESP"]
[Source "lmi"]
[SourceDate "2011.12.02"]

1. e4 d6 2. Nc3 g6 3. Bc4 Bg7 4. f4 Nf6 5. d3 O-O 6. Nf3 c6 7. Bb3 Na6 8. a4 d5
9. Qe2 Nc5 10. Ba2 dxe4 11. dxe4 Be6 12. Bxe6 Nxe6 13. O-O Nd4 14. Nxd4 Qxd4+
15. Kh1 Rfd8 16. a5 b5 17. a6 b4 18. Ra4 Qb6 19. Na2 c5 20. e5 Nd5 21. c4 Nc7
22. Be3 Nxa6 23. Nc1 Nc7 24. Nd3 Ne6 25. Nxb4 Nd4 26. Bxd4 Rxd4 27. Nd5 Qd8 28.
Qf3 Rb8 29. Rxa7 Rxc4 30. Nxe7+ Kh8 31. Nc6 Qb6 32. Qd5 1-0

[Event "Benidorm 2011 - 10. Torneo sub-2300"]
[Site "Benidorm ESP"]
[Date "2011.12.06"]
[Round "5.1"]
[White "Navarro Ortiz de Orruno, Borja"]
[Black "Sanchez Aller, Fernando"]
[Result "1-0"]
[WhiteElo "2296"]
[BlackElo "2300"]
[PlyCount "47"]
[EventDate "2011.12.02"]
[EventType "swiss"]
[EventRounds "10"]
[EventCountry "ESP"]
[Source "lmi"]
[SourceDate "2011.12.02"]

1. d4 Nf6 2. c4 e6 3. Nf3 b6 4. g3 Ba6 5. Qa4 Bb7 6. Bg2 c5 7. dxc5 Bxc5 8. O-O
O-O 9. Nc3 d6 10. b4 Bxf2+ 11. Rxf2 Ng4 12. Rf1 a5 13. b5 Qc7 14. h3 Qc5+ 15.
Kh1 Ne3 16. Bxe3 Qxe3 17. Qb3 Nd7 18. Na4 Qh6 19. Nh4 Rab8 20. Bxb7 Rxb7 21.
Kg2 Nf6 22. Qd3 Rd8 23. Nf3 Rbb8 24. Nd4 1-0

[Event "Benidorm 2011 - 10. Torneo sub-2300"]
[Site "Benidorm ESP"]
[Date "2011.12.09"]
[Round "9.1"]
[White "Navarro Ortiz de Orruno, Borja"]
[Black "Muratet Casadevall, Albert"]
[Result "1-0"]
[PlyCount "83"]
[EventDate "2011.12.02"]
[EventType "swiss"]
[EventRounds "10"]
[EventCountry "ESP"]
[Source "lmi"]
[SourceDate "2011.12.02"]
[WhiteElo "2296"]
[BlackElo "2164"]

1. d4 Nf6 2. c4 g6 3. Nf3 Bg7 4. g3 d6 5. Bg2 O-O 6. O-O Nc6 7. Nc3 a6 8. h3 e5
9. dxe5 dxe5 10. Be3 Be6 11. Ng5 Qxd1 12. Rfxd1 Bxc4 13. b3 Be6 14. Nxe6 fxe6
15. Bxc6 bxc6 16. Rac1 Rfd8 17. Rxd8+ Rxd8 18. Bg5 Rd4 19. e3 Rb4 20. Bxf6 Bxf6
21. Na4 Be7 22. Rxc6 Bd6 23. Rxa6 Kf7 24. Kf1 e4 25. Rc6 Kf6 26. Rc4 Rxc4 27.
bxc4 Bb4 28. Ke2 h5 29. f3 Ke5 30. Nb2 g5 31. g4 hxg4 32. hxg4 Be7 33. fxe4
Kxe4 34. Nd3 Ba3 35. Nf2+ Ke5 36. Kd3 Be7 37. Ne4 c6 38. a4 Bd8 39. Nc5 Ba5 40.
Nb7 Bc7 41. a5 Kf6 42. a6 1-0

[Event "Benidorm 2011 - 10. Torneo sub-2300"]
[Site "Benidorm ESP"]
[Date "2011.12.09"]
[Round "9.2"]
[White "Moreno Gracia, Daniel"]
[Black "Voiteanu, Gabriel"]
[Result "1-0"]
[PlyCount "113"]
[EventDate "2011.12.02"]
[EventType "swiss"]
[EventRounds "10"]
[EventCountry "ESP"]
[Source "lmi"]
[SourceDate "2011.12.02"]
[WhiteElo "2298"]
[BlackElo "2293"]

1. d4 Nf6 2. c4 g6 3. Nc3 d5 4. cxd5 Nxd5 5. g3 Bg7 6. Bg2 Nb6 7. Nf3 O-O 8.
O-O Nc6 9. d5 Na5 10. e4 c6 11. Bf4 cxd5 12. Nxd5 Nxd5 13. exd5 Bxb2 14. Rb1
Bf6 15. Rc1 b6 16. Bc7 Qd7 17. Ne5 Qb5 18. Re1 Bb7 19. a4 Qb3 20. Nd7 Qxd1 21.
Rcxd1 Rfc8 22. Nxf6+ exf6 23. d6 Bxg2 24. Kxg2 Nb7 25. d7 Rf8 26. Re3 f5 27.
Red3 Rad8 28. Rd5 f6 29. Bxd8 Rxd8 30. Kf3 Kf7 31. Ke3 Ke6 32. Kd4 Nc5 33. Re1+
Kf7 34. Rd6 Rxd7 35. Rxd7+ Nxd7 36. Kd5 Nc5 37. Ra1 Ke7 38. Kc6 Kf7 39. Kc7 Ke6
40. Kb8 a6 41. Kc7 b5 42. a5 Nb3 43. Re1+ Kd5 44. Kb6 b4 45. Kxa6 Kc5 46. Rb1
Nd2 47. Rc1+ Nc4 48. Kb7 Kb5 49. a6 Na5+ 50. Ka7 b3 51. Rb1 g5 52. f4 gxf4 53.
gxf4 h6 54. Rb2 Kc4 55. Kb6 Kb4 56. Rxb3+ Nxb3 57. a7 1-0

[Event "Benidorm 2011 - 10. Torneo sub-2300"]
[Site "Benidorm ESP"]
[Date "2011.12.09"]
[Round "9.3"]
[White "Inants, Aghasi"]
[Black "Navarro Lopez-Menchero, Daniel"]
[Result "1/2-1/2"]
[PlyCount "102"]
[EventDate "2011.12.02"]
[EventType "swiss"]
[EventRounds "10"]
[EventCountry "ESP"]
[Source "lmi"]
[SourceDate "2011.12.02"]
[WhiteElo "2288"]
[BlackElo "2230"]

1. e4 c5 2. Nf3 d6 3. d4 cxd4 4. Nxd4 Nf6 5. Nc3 a6 6. Bc4 e6 7. Bb3 Nbd7 8.
O-O Nc5 9. f4 Ncxe4 10. Nxe4 Nxe4 11. f5 e5 12. Qh5 d5 13. Re1 Bc5 14. Rxe4 O-O
15. Rg4 Bxd4+ 16. Kh1 e4 17. Bg5 Bf6 18. Qh6 Kh8 19. Bxf6 Qxf6 20. Qxf6 gxf6
21. Rf4 Rd8 22. Rd1 b5 23. Rxe4 Bxf5 24. Red4 Rac8 25. c3 Be6 26. Kg1 Rc5 27.
R1d3 a5 28. Rf4 Kg7 29. Rg3+ Kf8 30. Rxf6 a4 31. Bc2 d4 32. a3 dxc3 33. Rxc3
Rxc3 34. bxc3 Bc4 35. h4 Re8 36. Rf4 Re1+ 37. Kh2 Rc1 38. Bxh7 Kg7 39. Be4 Rxc3
40. Rg4+ Kh6 41. Rg3 Rb3 42. Bc2 Rb2 43. Rc3 Bb3 44. Bxb3 Rxb3 45. Rc5 f6 46.
Rd5 Kg6 47. h5+ Kh6 48. Rc5 Rxa3 49. Rxb5 Ra1 50. Ra5 a3 51. g4 a2 1/2-1/2

[Event "Benidorm 2011 - 10. Torneo sub-2300"]
[Site "Benidorm ESP"]
[Date "2011.12.09"]
[Round "9.4"]
[White "Rogac, Srdjan"]
[Black "Bosque Ortega, Xavier"]
[Result "1/2-1/2"]
[PlyCount "46"]
[EventDate "2011.12.02"]
[EventType "swiss"]
[EventRounds "10"]
[EventCountry "ESP"]
[Source "lmi"]
[SourceDate "2011.12.02"]
[WhiteElo "2287"]
[BlackElo "2229"]

1. Nf3 d5 2. g3 Nf6 3. Bg2 Bf5 4. O-O e6 5. d3 h6 6. c4 c6 7. cxd5 exd5 8. Qb3
Qb6 9. Qxb6 axb6 10. Nc3 Bc5 11. e4 dxe4 12. dxe4 Nxe4 13. Nxe4 Bxe4 14. Re1 f5
15. Nd2 O-O 16. Bxe4 fxe4 17. Nxe4 Bd4 18. Be3 Bxe3 19. Rxe3 Na6 20. Rd1 Nb4
21. a3 Nd5 22. Red3 Rae8 23. f3 Re7 1/2-1/2

[Event "Benidorm 2011 - 10. Torneo sub-2300"]
[Site "Benidorm ESP"]
[Date "2011.12.09"]
[Round "9.5"]
[White "Villuendas Valero, Adrian"]
[Black "Turcu, Iulian"]
[Result "1-0"]
[PlyCount "87"]
[EventDate "2011.12.02"]
[EventType "swiss"]
[EventRounds "10"]
[EventCountry "ESP"]
[Source "lmi"]
[SourceDate "2011.12.02"]
[WhiteElo "2267"]
[BlackElo "2217"]

1. d4 Nf6 2. Bg5 e6 3. Nd2 h6 4. Bh4 d5 5. e3 c5 6. c3 Nc6 7. f4 Qb6 8. Rb1 Ne4
9. Ngf3 g5 10. Bg3 cxd4 11. exd4 Nxg3 12. hxg3 e5 13. Nxe5 Nxe5 14. fxe5 Bf5
15. Qa4+ Kd8 16. Rd1 Qxb2 17. Qa5+ Kc8 18. Be2 Be6 19. Rb1 Qa3 20. Qb5 Rb8 21.
O-O Qe7 22. c4 Qd7 23. Qb2 Kd8 24. cxd5 Bxd5 25. Bc4 Bxc4 26. Nxc4 Ke8 27. Rbe1
Rh7 28. Ne3 Rd8 29. d5 Bc5 30. Qc2 Bxe3+ 31. Rxe3 Rg7 32. d6 Rc8 33. Qf2 Qe6
34. Qf6 Rg8 35. Rd3 Rd8 36. Qxe6+ fxe6 37. Rf6 Kd7 38. Rf7+ Kc8 39. Rc3+ Kb8
40. Rcc7 Rgf8 41. Rxb7+ Ka8 42. Rxa7+ Kb8 43. Rfb7+ Kc8 44. d7+ 1-0